Radosti a starosti rarít : Slovenské jaskyne súčasťou svetového kultúrneho odkazu
| Hlavný autor: | |
|---|---|
| Médium: | Článok |
| Jazyk: | Slovak |
| Témy: | |
| Zdroj: |
1. My víkend |
| LEADER | 00898nab#a2200325#ar4500 | ||
|---|---|---|---|
| 001 | 000013713 | ||
| 003 | SVKKK | ||
| 005 | 00000000000000.0 | ||
| 008 | c xo e sloo | ||
| FMT | |||
| 038 | |a SVKKK | ||
| 040 | |a SVKKK |b slo |e AACR2 | ||
| 041 | 0 | |a slo | |
| 044 | |a xo |c SK | ||
| 080 | |a 551.44 |2 1981 | ||
| 100 | 1 | |a Slezák, Dušan |4 aut | |
| 245 | 1 | 0 | |a Radosti a starosti rarít : |b Slovenské jaskyne súčasťou svetového kultúrneho odkazu |c Slezák Dušan, , Slezák Dušan |
| 300 | |b Fotogr. 6 | ||
| 650 | 0 | 4 | |a Domica (jaskyňa), Kečovo (RV) |z Ochtinská aragonitová jaskyňa, Ochtiná (RV) |x krásy |x návštevnosť |x služby |x reportáže |
| 700 | 1 | |a Slezák, Dušan |4 aut | |
| 773 | 0 | |t My víkend | |
| 957 | |a Kečovo | ||
| 957 | |a Ochtiná | ||
| 958 | |a RE | ||
| 958 | |a RV | ||
| 974 | |d 970326 |a Čr | ||
| 992 | |a RBX | ||
| BAS | |||
| 852 | |a SVKKK |b BIB | ||
| 998 | |a REG | ||